000 00526nam a2200193 u 4500
005 20240803063750.0
008 081022s2007 es r 000 0 spa d
020 _a9788467516715
035 _aUPN01000163998
049 _aCG
050 4 _aPQ6666 U3.7
_bS6.4
100 1 _aPuerto, Carlos,
_d1942-
_930387
245 1 3 _aLa soledad del caballo sin jinete /
_cCarlos Puente.
260 _aMadrid :
_bSM,
_cc2007.
300 _a219 p.
440 0 _aGran angular ;
_v266
650 4 _aNovela espaƱola
_910814
905 _aLibro
999 _c136111
_d136111